<?xml version="1.0" encoding="UTF-8"?>
<marc:record xmlns:marc="http://www.loc.gov/MARC21/slim">
   <marc:leader>00000nam a2200000 a 4500</marc:leader>
   <marc:datafield ind1="1" ind2=" " tag="100">
      <marc:subfield code="a">Zweig, Stefan</marc:subfield>
      <marc:subfield code="4">aut</marc:subfield>
      <marc:subfield code="e">Verfasser/-in</marc:subfield>
   </marc:datafield>
   <marc:datafield ind1=" " ind2=" " tag="653">
      <marc:subfield code="a">CD-Hörbuch</marc:subfield>
   </marc:datafield>
   <marc:datafield ind1="0" ind2="0" tag="245">
      <marc:subfield code="a">Schachnovelle</marc:subfield>
   </marc:datafield>
   <marc:datafield ind1=" " ind2="1" tag="264">
      <marc:subfield code="a">Wien</marc:subfield>
      <marc:subfield code="b">ORF</marc:subfield>
      <marc:subfield code="c">2017</marc:subfield>
   </marc:datafield>
   <marc:datafield ind1="1" ind2=" " tag="520">
      <marc:subfield code="a">Am 21. Februar 1942, einen Tag bevor sich Stefan Zweig gemeinsam mit seiner zweiten Frau Lotte im brasilianischen Exil das Leben nahm, brachte er drei Typoskripte der Schachnovelle zur Post. Sie waren für zwei Verleger in New York und einen Übersetzer in Buenos Aires für die amerikanische, die deutsche und die argentinische Veröffentlichung bestimmt. Der Ruhm der Schachnovelle liegt nicht nur darin begründet, weil es das letzte Werk des österreichischen Schriftstellers ist, sondern vor allem, dass es in mehr als 60 Sprachen übersetzt wurde und weltweit überaus erfolgreich verkauft wurde.&lt;br/&gt;&lt;br/&gt; &lt;br/&gt;</marc:subfield>
   </marc:datafield>
   <marc:datafield ind1=" " ind2=" " tag="020">
      <marc:subfield code="a">9783902733771</marc:subfield>
      <marc:subfield code="9">9783902733771</marc:subfield>
   </marc:datafield>
   <marc:datafield ind1=" " ind2=" " tag="041">
      <marc:subfield code="a">ger</marc:subfield>
   </marc:datafield>
   <marc:datafield ind1=" " ind2=" " tag="300">
      <marc:subfield code="a">1 CD</marc:subfield>
   </marc:datafield>
</marc:record>
